000 00260nam a2200109Ia 4500
008 190914s9999||||xx |||||||||||||| ||und||
100 _aDoctor Syed Abdullah
245 0 _aWali Say Iqbal Tak
260 _aLahore
_bSang-e-Meel
_c2000
300 _a329
942 _cBK
999 _c9278
_d9278